00787nam a2200217Ia 4500003000900000008004100009020001800050040001600068080001500084100002300099245013900122250001200261260004000273300001500313650007900328700002500407700002100432942000700453999001700460952009200477IN-BaIIA211028s9999 xx 000 0 eng d a0-201-13189-7 cIIA Library a681.1bMOO aMoore, J. H915739 0aBuilding scientific apparatusba practical guide to design and constructioncJohn H. Moore, Christopher C. Davis and Michael A. Coplan a2nd ed. aMassachusettsbAddison-Wesleyc1989 axvi, 549p. aScientific apparatus, Precision instruments, Instrument manufacture919597 aCoplan, M. A.915741 aDavis, C.919598 cBK c11390d11390 00104070aBANbBANcGENd1995-09-25l0o681.1/ MOOp12305r2021-11-05w1995-09-25yBK